Spatial composition (Record no. 9480)

000 -LEADER
fixed length control field 00378nam a22001457a 4500
003 - CONTROL NUMBER IDENTIFIER
control field OSt
005 - DATE AND TIME OF LATEST TRANSACTION
control field 20210625160428.0
008 - FIXED-LENGTH DATA ELEMENTS--GENERAL INFORMATION
fixed length control field 210625b ||||| |||| 00| 0 eng d
020 ## - INTERNATIONAL STANDARD BOOK NUMBER
International Standard Book Number 9781539658542
082 ## - DEWEY DECIMAL CLASSIFICATION NUMBER
Classification number 808
Item number MOU
100 ## - MAIN ENTRY--PERSONAL NAME
Personal name Kasparowitz, Lawrence, 1945-
245 ## - TITLE STATEMENT
Title Spatial composition
260 ## - PUBLICATION, DISTRIBUTION, ETC. (IMPRINT)
Place of publication, distribution, etc 2018
Name of publisher, distributor, etc University of oregon,department of architecture
942 ## - ADDED ENTRY ELEMENTS (KOHA)
Source of classification or shelving scheme
Holdings
Withdrawn status Lost status Source of classification or shelving scheme Damaged status Koha normalized classification for sorting Not for loan Permanent location Current location Date acquired Full call number Barcode Date last seen Price effective from Koha item type
        808_000000000000000_MOU   BMS College of Architecture, Design and Planning BMS College of Architecture, Design and Planning 2021-06-25 808 MOU AR-UG2274 2021-06-25 2021-06-25 UG Books
Copyright © 2025, The Librarian, Library and Information Centre, BMSCA D&P, Bengaluru. All Rights Reserved
web counter

Powered by Koha